La Masora Parva del Códice de Profetas de el Cairo : (Record no. 41252)
[ view plain ]
| 000 -CABECERA | |
|---|---|
| campo de control de longitud fija | 00806nam a2200193 a 4500 |
| 001 - NÚMERO DE CONTROL | |
| campo de control | 000041763 |
| 005 - FECHA Y HORA DE LA ÚLTIMA TRANSACCIÓN | |
| campo de control | 20201002035736.0 |
| 008 - DATOS DE LONGITUD FIJA--INFORMACIÓN GENERAL | |
| campo de control de longitud fija | 131016s1997 sp 000 0 spa d |
| 020 ## - NÚMERO INTERNACIONAL ESTÁNDAR DEL LIBRO | |
| Número Internacional Estándar del Libro | 8400076486 |
| 040 ## - FUENTE DE LA CATALOGACIÓN | |
| Centro catalogador/agencia de origen | DO-SdBNP |
| Lengua de catalogación | spa |
| Centro/agencia transcriptor | BNPHU |
| 100 1# - ENTRADA PRINCIPAL--NOMBRE DE PERSONA | |
| Nombre de persona | Azcárraga Servert, María Josefa |
| 9 (RLIN) | 68612 |
| 245 13 - MENCIÓN DE TÍTULO | |
| Título | La Masora Parva del Códice de Profetas de el Cairo : |
| Resto del título | índice análítico / |
| Mención de responsabilidad, etc. | por María Josefa de Azcárraga Servert. |
| 260 ## - PUBLICACIÓN, DISTRIBUCIÓN, ETC. | |
| Lugar de publicación, distribución, etc. | Madrid : |
| Nombre del editor, distribuidor, etc. | CSIC, |
| Fecha de publicación, distribución, etc. | 1997. |
| 300 ## - DESCRIPCIÓN FÍSICA | |
| Extensión | XVI, 704 p. ; |
| Dimensiones | 27 cm. |
| 490 1# - MENCIÓN DE SERIE | |
| Mención de serie | Textos y estudios "Cardenal Cisneros" de la biblía políglota matritense ; |
| Designación de volumen o secuencia | 61 |
| 500 ## - NOTA GENERAL | |
| Nota general | Texto en Arameo |
| 710 2# - PUNTO DE ACCESO ADICIONAL--NOMBRE DE ENTIDAD CORPORATIVA | |
| Nombre de entidad corporativa o nombre de jurisdicción como elemento de entrada | Consejo Superior de Investigaciones Científicas, (España) |
| 9 (RLIN) | 63834 |
| 830 #0 - PUNTO DE ACCESO ADICIONAL DE SERIE-TÍTULO UNIFORME | |
| Título uniforme | Textos y estudios "Cardenal Cisneros" de la biblía políglota matritense ; |
| Designación de volumen o secuencia | 61 |
| 9 (RLIN) | 15280 |
| Estado de retiro | Estado de pérdida | Restricciones de uso | No para préstamo | Código de colección | Localización permanente | Ubicación/localización actual | Ubicación en estantería | Fecha de adquisición | Número de inventario | Total de préstamos | Signatura topográfica completa | Código de barras | Fecha visto por última vez | Precio válido a partir de | Tipo de ítem Koha |
|---|---|---|---|---|---|---|---|---|---|---|---|---|---|---|---|
| Monografías: Libros y Folletos | General | General | Orden iniciada | 16.10.2013 | LF1 | 41763-10 | 25.06.2020 | 25.06.2020 | No se presta |
